| 000 | 01067nac a22002651u 4500 | ||
|---|---|---|---|
| 010 | _a 2001051114 | ||
| 020 | _a027365182X (pbk.) | ||
| 082 | 0 | 0 |
_a658.83420 _bSOL |
| 090 |
_c9703 _d9703 |
||
| 100 | _aSolomon, Michael R. | ||
| 245 | 1 | 0 |
_aConsumer behaviour : _ba European perspective / _cMichael Solomon, Gary Bamossy, Søren Askegaard. |
| 246 | 3 | _aConsumer behavior | |
| 250 | _a2nd ed. | ||
| 260 |
_aHarlow, England ; _aNew York : _bFinancial Times/Prentice-Hall,c.2002. _cc.2002. |
||
| 300 |
_axxiii, 630 p. : _bcol. ill. ; _c27 cm. |
||
| 500 | _aDistributer: Al-Ahram. | ||
| 504 | _aIncludes bibliographical references and indexes. | ||
| 511 | _aCatalogued By: Mahitab. | ||
| 650 | 0 |
_aConsumer behavior _zEurope. |
|
| 700 | 1 |
_aBarmossy, Gary, _d1949- |
|
| 700 | 1 | _aAskegaard, Søren. | |
| 856 | 4 | 1 |
_3Table of contents _uhttp://www.loc.gov/catdir/toc/fy035/2001051114.html |
| 942 |
_cBB _k658.83420SOL |
||
| 999 |
_c9703 _d9703 |
||